000 00897nam a2200253 a 4500
005 20191224041632.0
008 140305b1999 ck ||||| |||| 00| 0 spa d
040 _aCO-BoIAVH
_cCO-BoIAVH
041 _aspa
044 _ack
090 _aLB
_b02156
100 1 _aRuíz García, Manuel
245 1 _aAnálisis de la estructura genética y filogenia utilizando 10 locimicrosatelites (STRIPs) de 10 especies de Felidae neotropicales procedentes de poblaciones en cautiverio y de poblaciones natural
260 _aBogotá
_bPontificia Universidad Javeriana. Facultad de Ciencias
_c1999
300 _a60 paginas
650 6 _aNeotrópico
650 6 _aEspecies en cautiverio
650 6 _aGenética
650 6 _aFilogenía
650 6 _aEcología de poblaciones
650 6 _aEspecies silvestres
662 _aColombia
942 _cINFORME
_2z
999 _c2336
_d2336